Campioni italiani - morte improvvisa - Statistics

Statistiche generali
  • Questo quiz è stato fatto 281 volte
    221 dall'ultimo reset
  • Il punteggio medio è 11 su 15
Answers on the Grid
Answers color-coded by a green-red scale on the quiz's grid according to % correct below.
Milan
Juve Stabia
Empoli
Cagliari
Lecce
Fiorentina
Monza
Sampdoria
Hellas Verona
Como
Atalanta
Torino
Cremonese
Genoa
Juventus
Inter Milano
Sassuolo Calcio
Roma
Lazio
Salernitana
Bologna
Napoli
Palermo
Pro Vercelli
Udinese
Novese
 
Statistiche sulle risposte
Risposta % Corretto
Milan
99%
Juventus
85%
Fiorentina
83%
Inter Milano
82%
Napoli
82%
Roma
81%
Torino
80%
Lazio
78%
Pro Vercelli
73%
Bologna
72%
Sampdoria
72%
Genoa
71%
Cagliari
67%
Hellas Verona
67%
Novese
54%
Nessun quiz corrispondente trovato
Distribuzione punteggi
Percentuale di utenti per punteggio
Percentile per numero di risposta
I tuoi punteggi nel tempo
Non hai fatto questo quiz dall'ultimo reset